000 00841nam a2200181Ia 4500
008 100921s9999 xx 000 0 und d
082 _b43918
_a137 न 10
100 _aजोगळेकर मिलिंद.
245 _aव्यक्तमित्व विकासाकडून यशाकडे.....झेप.
260 _bनुतन प्रकाशन, पुणे.
_c2010
300 _a72
_b---
365 _b75
520 _aतत्वज्ञान-व्यक्तमित्व.
630 _aव्यक्तमित्व विकासाकडून यशाकडे.....झेप.
650 _aतत्वज्ञान-व्यक्तमित्व.
730 _aव्यक्तमित्व विकासाकडून यशाकडे.....झेप.
942 _cBOOK
999 _c793031
_d793028